[Event "?"]
[Site "?"]
[Date "2016.08.13"]
[Round "2.10"]
[White "van der Valk, Reiner"]
[Black "Thierkopf, Guido"]
[Result "0-1"]
[WhiteElo "1650"]
[BlackElo "1735"]
[PlyCount "78"]
[EventDate "2016.??.??"]
[WhiteTeam "SG Nettetal"]
[BlackTeam "Brühler SK"]

1. e4 d5 2. exd5 Qxd5 3. Nc3 Qa5 4. d4 Nf6 5. Bd2 Qb6 6. Nf3 Bg4 7. Be2 c6 8.
Na4 Qc7 9. Nc5 e6 10. Nb3 Bd6 11. h3 Bh5 12. O-O Nbd7 13. c3 O-O 14. Nh4 Bxe2
15. Qxe2 Nd5 16. Nf3 a5 17. c4 Nf4 18. Qe3 Ng6 19. Qd3 a4 20. Nc1 Nf6 21. Ne2
Rfd8 22. Qe3 c5 23. Rac1 cxd4 24. Nfxd4 Bc5 25. Qc3 Ne4 26. Qe3 Nxd2 27. Qxd2
Qb6 28. Qc2 Bxd4 29. Nxd4 Qxd4 30. Rfd1 Qf6 31. Rxd8+ Qxd8 32. Rd1 Qc7 33. b3
axb3 34. axb3 Rc8 35. Qd2 h6 36. Qd4 Ne5 37. Rd2 Nc6 38. Qe3 Rd8 39. Ra2 Rd1+
0-1

[Event "?"]
[Site "?"]
[Date "2016.08.13"]
[Round "2.11"]
[White "Sewald, Jörg"]
[Black "Kuckert, Kai"]
[Result "1-0"]
[WhiteElo "1568"]
[BlackElo "1235"]
[PlyCount "109"]
[EventDate "2016.??.??"]
[WhiteTeam "SF Esch"]
[BlackTeam "Fideler Bauer Leverkusen"]

1. b3 e5 2. g3 d5 3. Bb2 f6 4. Bg2 Be6 5. e3 Bd6 6. d3 Nc6 7. Nd2 Qd7 8. h3
O-O-O 9. a3 Nge7 10. b4 a6 11. Nb3 g5 12. Ne2 h5 13. Nc5 Bxc5 14. bxc5 Kb8 15.
d4 Rdf8 16. Rb1 e4 17. Bc3 f5 18. Bf1 Ng6 19. Ng1 f4 20. Bxa6 Nd8 21. Bb5 c6
22. Be2 fxe3 23. fxe3 Qf7 24. Rh2 Ne7 25. Kd2 Nf5 26. Rf2 Qc7 27. g4 Nxe3 28.
Kxe3 Qg3+ 29. Nf3 exf3 30. Bxf3 Qxh3 31. Qh1 hxg4 32. Qe1 Rxf3+ 33. Rxf3 Qxf3+
34. Kd2 g3 35. Qe5+ Kc8 36. Qxh8 g2 37. Ba5 Qf2+ 38. Kc3 Qe3+ 39. Kb2 Bg8 40.
Qg7 Qf4 41. Rd1 Bf7 42. Qh8 Kd7 43. Qxd8+ Ke6 44. Re1+ Kf5 45. Qd7+ Kg6 46.
Qd6+ Qf6 47. Rg1 Be6 48. Bc3 Bh3 49. Kc1 Kg7 50. Qxf6+ Kxf6 51. Kd2 Kf5 52. Ke3
g4 53. Be1 g3 54. Bxg3 Kg4 55. Bf2 1-0

[Event "?"]
[Site "?"]
[Date "2016.08.13"]
[Round "2.12"]
[White "Kogan, Gabriel"]
[Black "Stüwe, Holger"]
[Result "1-0"]
[WhiteElo "1354"]
[BlackElo "1550"]
[PlyCount "83"]
[EventDate "2016.??.??"]
[WhiteTeam "SG Porz"]

1. e4 c6 2. d4 d5 3. exd5 cxd5 4. Bd3 Nc6 5. c3 Qc7 6. Ne2 Nf6 7. h3 e5 8. dxe5
Nxe5 9. Bb5+ Bd7 10. Bxd7+ Qxd7 11. Bf4 Bd6 12. O-O O-O 13. Re1 Rfe8 14. Bh2
Qb5 15. Nd4 Qxb2 16. Nd2 Nd3 17. Re3 Nxf2 18. Rxe8+ Rxe8 19. Kxf2 Ne4+ 20. Kg1
Qxd2 21. Qxd2 Bxh2+ 22. Kxh2 Nxd2 23. Rd1 Ne4 24. Re1 Nd6 25. Rd1 Kf8 26. Nb3
Re5 27. Nc5 Ke7 28. Nd3 Ne4 29. Nxe5 Ke6 30. Nf3 Nxc3 31. Rc1 Nxa2 32. Rc7 b5
33. Rxa7 Nc3 34. Rb7 h6 35. Nd4+ Ke5 36. Nxb5 d4 37. Nxc3 dxc3 38. Rc7 Kd4 39.
Kg1 Kd3 40. Kf2 Kd2 41. Rd7+ Kc1 42. Ke2 1-0

[Event "?"]
[Site "?"]
[Date "2016.08.13"]
[Round "2.13"]
[White "Kolbasnikov, Igor"]
[Black "Hirsch, Reinhard"]
[Result "1-0"]
[WhiteElo "1475"]
[BlackElo "1155"]
[PlyCount "57"]
[EventDate "2016.??.??"]
[WhiteTeam "SF Köln-Longerich"]
[BlackTeam "SK Köln-Worringen"]

1. e4 c5 2. d4 cxd4 3. c3 dxc3 4. Nxc3 Nc6 5. Bc4 Nf6 6. Nf3 Qc7 7. O-O e6 8.
Qe2 Ne5 9. Bb3 Bc5 10. Bf4 Nxf3+ 11. Qxf3 d6 12. Na4 O-O 13. Rac1 e5 14. Bg5
Nd7 15. Be7 b5 16. Bxf8 Nxf8 17. Nxc5 dxc5 18. Rxc5 Qe7 19. Rfc1 Be6 20. Rxe5
a6 21. Rec5 Rd8 22. Rc7 Nd7 23. Bxe6 Qxe6 24. Rd1 g6 25. Qh3 Qxe4 26. Rcxd7 Re8
27. Qc3 b4 28. Qd2 Re5 29. f3 1-0

[Event "?"]
[Site "?"]
[Date "2016.08.13"]
[Round "2.14"]
[White "Wilde, Christian"]
[Black "Gail, Edgar"]
[Result "0-1"]
[WhiteElo "1220"]
[BlackElo "1688"]
[PlyCount "90"]
[EventDate "2016.??.??"]
[WhiteTeam "SF Köln-Longerich"]
[BlackTeam "Klub Kölner SF"]

1. d4 d5 2. c4 e6 3. cxd5 exd5 4. g3 c5 5. dxc5 Bxc5 6. Nf3 Nc6 7. e3 Nf6 8.
Bg2 O-O 9. O-O Bf5 10. Nd4 Bg6 11. Nxc6 bxc6 12. a3 Ne4 13. b4 Bb6 14. Bb2 Re8
15. Nd2 Qg5 16. Nxe4 Bxe4 17. Bd4 Re6 18. Bxb6 axb6 19. Qd4 Rh6 20. Bxe4 dxe4
21. Qxe4 Qh5 22. Qg2 Re8 23. Rad1 Qe5 24. Rd3 Rhe6 25. Rfd1 h6 26. Rd8 Rxd8 27.
Rxd8+ Kh7 28. Rd3 Qf5 29. Rc3 Rf6 30. Rb3 Qc2 31. h4 Qxb3 32. Qe4+ g6 33. Qd4
Qb1+ 34. Kg2 Qf5 35. f4 Qd5+ 36. Qxd5 cxd5 37. a4 Rc6 38. a5 bxa5 39. bxa5 Ra6
40. g4 Rxa5 41. Kf3 Ra3 42. f5 gxf5 43. gxf5 Kg7 44. h5 Kf6 45. Kf4 Ra4+ 0-1

[Event "?"]
[Site "?"]
[Date "2016.08.13"]
[Round "2.15"]
[White "Hennicken, Arnold"]
[Black "Maric, Anton"]
[Result "1-0"]
[WhiteElo "1407"]
[BlackElo "1116"]
[PlyCount "81"]
[EventDate "2016.??.??"]
[WhiteTeam "SF Esch"]
[BlackTeam "Klub Kölner SF"]

1. d4 d5 2. c4 Nf6 3. Nc3 e6 4. Bg5 Be7 5. e3 Nbd7 6. Nf3 O-O 7. Bd3 b6 8. O-O
Bb7 9. a3 c5 10. cxd5 exd5 11. b3 h6 12. Bh4 Qc7 13. Rc1 Bd6 14. Nb5 Qc6 15.
Nxd6 Qxd6 16. Bg3 Qe7 17. h3 Rfe8 18. Nh4 Rac8 19. Nf5 Qe6 20. Nd6 Bc6 21. dxc5
bxc5 22. Qd2 d4 23. Bc4 Qe7 24. Bxf7+ Kf8 25. Bxe8 Ne4 26. Nxe4 Qxe4 27. f3
Qxe8 28. exd4 cxd4 29. Qxd4 Bb5 30. Qb4+ Kg8 31. Qxb5 Rxc1 32. Rxc1 Qe3+ 33.
Kh2 Qxc1 34. Qxd7 Qe3 35. Qd5+ Kh7 36. Qe4+ Qxe4 37. fxe4 Kg8 38. Bd6 Kf7 39.
g4 Kf6 40. e5+ Kf7 41. a4 1-0

[Event "?"]
[Site "?"]
[Date "2016.08.13"]
[Round "2.16"]
[White "Hoferichter, Michael"]
[Black "Breuer, Achim"]
[Result "1-0"]
[WhiteElo "1569"]
[BlackElo "1404"]
[PlyCount "56"]
[EventDate "2016.??.??"]
[WhiteTeam "Klub Kölner SF"]
[BlackTeam "SV Dormagen"]

1. e4 e6 2. d4 d5 3. e5 c5 4. c3 Nc6 5. a3 Qb6 6. Nf3 Nh6 7. b4 cxd4 8. Bxh6
gxh6 9. cxd4 Bd7 10. Be2 Be7 11. O-O O-O-O 12. Nc3 Rdg8 13. Na4 Qd8 14. Rc1 Kb8
15. Nc5 Bc8 16. b5 Na5 17. Rc3 Rg7 18. g3 h5 19. Kh1 h4 20. Qb1 hxg3 21. fxg3
h5 22. Rfc1 Nc4 23. Bxc4 dxc4 24. Rxc4 Qd5 25. Na6+ bxa6 26. bxa6+ Bb7 27.
Qxb7+ Qxb7 28. axb7 Kxb7 1-0

[Event "?"]
[Site "?"]
[Date "2016.08.13"]
[Round "2.20"]
[White "Jakob, Gudrun"]
[Black "Schülgen, Severin"]
[Result "0-1"]
[WhiteElo "1113"]
[BlackElo "927"]
[PlyCount "53"]
[EventDate "2016.??.??"]
[WhiteTeam "Klub Kölner SF"]
[BlackTeam "SK Köln-Worringen"]

1. e4 e5 2. Nf3 Nc6 3. Bc4 Bc5 4. a3 Nf6 5. d3 d6 6. h3 O-O 7. Bg5 Nd4 8. c3
Nxf3+ 9. Qxf3 h6 10. Bd2 c6 11. Be3 b6 12. b4 d5 13. exd5 cxd5 14. Ba2 Bd6 15.
Nd2 Ba6 16. d4 Rc8 17. Rc1 Bb8 18. a4 b5 19. a5 e4 20. Qd1 Rc7 21. Nb3 Bc8 22.
Nc5 Rc6 23. Qe2 a6 24. f3 Bg3+ 25. Bf2 Bxf2+ 26. Qxf2 Re8 27. Kf1 {Notation
unleserlich und lückenhaft} 0-1

[Event "?"]
[Site "?"]
[Date "2016.08.13"]
[Round "2.21"]
[White "Reiter, Ute"]
[Black "Krieger, Niklas"]
[Result "1-0"]
[WhiteElo "1059"]
[BlackElo "876"]
[PlyCount "35"]
[EventDate "2016.??.??"]
[WhiteTeam "Brühler SK"]
[BlackTeam "SK Köln-Worringen"]

1. e4 d6 2. d4 e5 3. Nf3 f5 4. Nc3 Nf6 5. Bd3 c6 6. exf5 Nbd7 7. O-O Qe7 8. Re1
Nd5 9. Ne4 g6 10. Bg5 Qf7 11. dxe5 dxe5 12. c4 gxf5 13. cxd5 fxe4 14. dxc6 exf3
15. cxd7+ Bxd7 16. Rxe5+ Be6 17. Bb5+ Qd7 18. Qxd7# 1-0

[Event "?"]
[Site "?"]
[Date "2016.08.13"]
[Round "2.22"]
[White "Karakoc, Pascal"]
[Black "Mag, Martina"]
[Result "1-0"]
[WhiteElo "889"]
[BlackElo "1008"]
[PlyCount "43"]
[EventDate "2016.??.??"]
[WhiteTeam "SK Köln-Worringen"]
[BlackTeam "Ford SF Köln"]

1. d4 d5 2. c4 e6 3. Nf3 Nf6 4. Bf4 Bb4+ 5. Nc3 Ne4 6. Qb3 Bxc3+ 7. bxc3 Nc6 8.
c5 Na5 9. Qb2 Nc4 10. Qc2 Na3 11. Qc1 Nc4 12. e3 Bd7 13. Bxc4 dxc4 14. Qb1 Rb8
15. Qxe4 Bc6 16. Qe5 Rc8 17. Qxg7 Rf8 18. Bh6 Qe7 19. Bg5 Qd7 20. Ne5 Qd5 21.
Bh6 Qd8 22. Qxf8# 1-0

[Event "?"]
[Site "?"]
[Date "2016.08.13"]
[Round "2.23"]
[White "Kees, Niclas"]
[Black "Hingst, Dieter Max Otto"]
[Result "1/2-1/2"]
[WhiteElo "868"]
[BlackElo "976"]
[PlyCount "36"]
[EventDate "2016.??.??"]
[WhiteTeam "SK Köln-Worringen"]
[BlackTeam "Brühler SK"]

1. e4 e5 2. Nf3 Nc6 3. Bb5 d6 4. d4 Bd7 5. dxe5 dxe5 6. Nc3 a6 7. Bxc6 Bxc6 8.
O-O Qxd1 9. Rxd1 Bd6 10. Be3 Nf6 11. Ng5 h6 12. Nf3 g5 13. Nd5 Nxe4 14. Rf1
Bxd5 15. Rad1 Bxa2 16. Nd2 Nxd2 17. Bxd2 Bc4 18. Rfe1 g4 1/2-1/2

[Event "?"]
[Site "?"]
[Date "2016.08.13"]
[Round "3.1"]
[White "Lin, David"]
[Black "Gburek, Jürgen"]
[Result "0-1"]
[WhiteElo "1401"]
[BlackElo "1747"]
[PlyCount "170"]
[EventDate "2016.??.??"]
[WhiteTeam "Klub Kölner SF"]
[BlackTeam "SVG Übach-Palenberg"]

1. d4 d5 2. c4 e6 3. Nf3 Nf6 4. g3 c5 5. Bg2 Nc6 6. cxd5 exd5 7. Nc3 h6 8. Be3
c4 9. Ne5 Bb4 10. Qa4 Qa5 11. Qxa5 Bxa5 12. O-O Bxc3 13. bxc3 Bf5 14. Bf4 Rc8
15. Rfe1 O-O 16. h3 g5 17. g4 Bh7 18. Bh2 Rfe8 19. Rac1 b5 20. f3 Re7 21. e4
dxe4 22. fxe4 Nxe5 23. Bxe5 Nxe4 24. Bxe4 Bxe4 25. Rxe4 f6 26. Rb1 a6 27. a3
Rce8 28. Rbe1 fxe5 29. dxe5 Re6 30. Kg2 Rf8 31. Rf1 Rxf1 32. Kxf1 Kf7 33. Ke2
Re7 34. Ke3 Ke6 35. Kd4 Rd7+ 36. Kc5 Rd3 37. Kb4 Rxh3 38. a4 bxa4 39. Rxc4 Kxe5
40. Kxa4 Kd5 41. Rd4+ Kc5 42. Kb3 a5 43. Rc4+ Kb5 44. Re4 Rh4 45. Rd4 Rh1 46.
Rd5+ Kb6 47. Rd6+ Kc5 48. Rd4 Rg1 49. Rc4+ Kd5 50. Rd4+ Ke5 51. Ra4 Rb1+ 52.
Kc2 Rb5 53. Kd3 Rd5+ 54. Kc2 Kf6 55. Rc4 Ke5 56. Ra4 Kf6 57. Rc4 h5 58. Rc6+
Ke5 59. gxh5 Kf4 60. h6 Rd7 61. Rc5 g4 62. Rxa5 g3 63. Ra8 g2 64. Rg8 Kf3 65.
Rf8+ Kg3 66. Rg8+ Kh2 67. c4 Rh7 68. Rg6 g1=Q 69. Rxg1 Kxg1 70. Kb3 Kf2 71. Kb4
Ke3 72. Kc5 Rxh6 73. Kd5 Rh5+ 74. Kd6 Kd4 75. c5 Rxc5 76. Ke6 Rd5 77. Ke7 Ke5
78. Kf7 Kf5 79. Ke7 Rd3 80. Kf7 Rd7+ 81. Ke8 Ke6 82. Kf8 Ra7 83. Kg8 Kf6 84.
Kh8 Kg6 85. Kg8 Ra8# 0-1

[Event "?"]
[Site "?"]
[Date "2016.08.13"]
[Round "3.2"]
[White "Kogan, Gabriel"]
[Black "Riesen, Peter"]
[Result "0-1"]
[WhiteElo "1354"]
[BlackElo "1613"]
[PlyCount "74"]
[EventDate "2016.??.??"]
[WhiteTeam "SG Porz"]
[BlackTeam "Klub Kölner SF"]

1. e4 e6 2. d4 d5 3. e5 c5 4. c3 Nc6 5. Nf3 Qb6 6. a3 Nge7 7. Bd3 Bd7 8. Bc2
cxd4 9. cxd4 Nf5 10. Bxf5 exf5 11. O-O Be7 12. Nc3 Be6 13. Re1 O-O 14. Ne2 Na5
15. b4 Nc4 16. Bf4 a5 17. bxa5 Rxa5 18. Rb1 Qc6 19. Qb3 b6 20. Nd2 Rxa3 21. Qb5
Qxb5 22. Rxb5 Ra5 23. Rb3 b5 24. Reb1 b4 25. Nc1 Ra3 26. Nd3 Rxb3 27. Rxb3 g5
28. Be3 f4 29. Nxf4 gxf4 30. Bxf4 Ra8 31. Bh6 Ra3 32. Rb1 Nxd2 33. Bxd2 Kg7 34.
Kf1 b3 35. Bc1 b2 36. Bxb2 Rb3 37. Ke2 Bf5 0-1

[Event "?"]
[Site "?"]
[Date "2016.08.13"]
[Round "3.3"]
[White "Ipekyilmaz, Tayfun"]
[Black "Hoferichter, Michael"]
[Result "1-0"]
[WhiteElo "1700"]
[BlackElo "1569"]
[PlyCount "117"]
[EventDate "2016.??.??"]
[WhiteTeam "Langenfelder SF"]
[BlackTeam "Klub Kölner SF"]

1. e4 e6 2. d4 d5 3. Nc3 Bb4 4. e5 c5 5. Qg4 g6 6. a3 Bxc3+ 7. bxc3 b6 8. f4
Nh6 9. Qh3 Nf5 10. g4 Ne7 11. Qh6 Kd7 12. Nf3 Qf8 13. Qxf8 Rxf8 14. Ng5 h6 15.
Nh7 Rd8 16. Nf6+ Kc7 17. Be3 c4 18. Bg2 Nd7 19. Rf1 Rh8 20. Bg1 Bb7 21. Kd2 Ng8
22. Nxd7 Kxd7 23. f5 gxf5 24. gxf5 Rh7 25. Bh3 h5 26. Be3 Re8 27. Rf3 Bc8 28.
Rg1 h4 29. f6 Nh6 30. Bxh6 Rxh6 31. Rg7 Rf8 32. Rf4 Ke8 33. Rfg4 Rhh8 34. Bf1
Bd7 35. Be2 Kd8 36. R4g5 Be8 37. Rh5 Rxh5 38. Bxh5 b5 39. h3 Kc7 40. Kc1 Kb6
41. Kb2 a5 42. Rh7 Kc7 43. Bg4 Kd7 44. Rxh4 Kd8 45. Rh7 Rg8 46. Bh5 Rf8 47. Kc1
Kc7 48. Kd2 Kb6 49. Ke3 b4 50. cxb4 axb4 51. axb4 c3 52. Kd3 Ba4 53. Rxf7 Bb5+
54. Ke3 Rh8 55. Bg4 Be8 56. Re7 Bh5 57. Bxe6 Bg6 58. f7 Be4 59. Re8 1-0

[Event "?"]
[Site "?"]
[Date "2016.08.13"]
[Round "3.4"]
[White "Thierkopf, Constantin"]
[Black "Zilberman, Rodion"]
[Result "1/2-1/2"]
[WhiteElo "1619"]
[BlackElo "1922"]
[PlyCount "195"]
[EventDate "2016.??.??"]
[WhiteTeam "Brühler SK"]
[BlackTeam "SF Köln-Longerich"]

1. e4 e6 2. d4 d5 3. exd5 exd5 4. Bd3 Nf6 5. h3 Nc6 6. Nf3 Bd6 7. O-O h6 8.
Re1+ Be6 9. c3 Qd7 10. Ne5 Bxe5 11. dxe5 Ng8 12. Nd2 Nge7 13. Nb3 b6 14. Bf4
O-O 15. Qh5 Bf5 16. Rad1 Bg6 17. Bxg6 fxg6 18. Qh4 g5 19. Bxg5 hxg5 20. Qxg5
Qf5 21. Qh4 Qf4 22. Qxf4 Rxf4 23. Nc1 Rd8 24. Nd3 Re4 25. Kf1 Rxe1+ 26. Rxe1 d4
27. cxd4 Nxd4 28. b4 Ne6 29. Nc1 Nd5 30. a3 Ndf4 31. h4 Nd3 32. Rd1 Nxc1 33.
Rxc1 Rd4 34. Rc6 Kf7 35. g3 Re4 36. f4 g6 37. h5 gxh5 38. f5 Nd4 39. Rxc7+ Ke8
40. f6 Rxe5 41. f7+ Kf8 42. Rxa7 Rf5+ 43. Kg2 Rxf7 44. Rxf7+ Kxf7 45. a4 Nc6
46. a5 b5 47. a6 Kf6 48. Kh3 Kg5 49. Kh2 Kg4 50. Kg2 Kf5 51. Kf3 Ke5 52. Ke3
Kd5 53. Kf4 Kc4 54. Kg5 Kxb4 55. Kxh5 Ka5 56. a7 Nxa7 57. g4 b4 58. g5 b3 59.
g6 b2 60. g7 b1=Q 61. g8=Q Qh1+ 62. Kg6 Qg2+ 63. Kf7 Qf3+ 64. Kg7 Qg4+ 65. Kf7
Qf5+ 66. Kg7 Qe5+ 67. Kf7 Nc6 68. Qg7 Qh5+ 69. Kf6 Qe5+ 70. Kf7 Qe7+ 71. Kg8
Qe8+ 72. Kh7 Qh5+ 73. Qh6 Qf7+ 74. Qg7 Qf5+ 75. Qg6 Qd7+ 76. Kh6 Ne7 77. Qg5+
Kb6 78. Qf6+ Kc7 79. Qe5+ Kc8 80. Qh8+ Kb7 81. Qb2+ Kc6 82. Qf6+ Kd5 83. Qf3+
Ke6 84. Qe4+ Kf6 85. Qh4+ Kf7 86. Qf4+ Ke6 87. Qe4+ Kf6 88. Qh4+ Ke5 89. Qe1+
Kd6 90. Qg3+ Ke6 91. Qe1+ Kf7 92. Qf2+ Ke8 93. Qe3 Qd6+ 94. Kg5 Qg6+ 95. Kf4
Kf8 96. Qc5 Qf6+ 97. Ke4 Kg7 98. Qd4 1/2-1/2

[Event "?"]
[Site "?"]
[Date "2016.08.13"]
[Round "3.5"]
[White "Radovinski, Jewgeni"]
[Black "Rebischke, Florian"]
[Result "0-1"]
[WhiteElo "1487"]
[BlackElo "1826"]
[PlyCount "96"]
[EventDate "2016.??.??"]
[WhiteTeam "SG Porz"]
[BlackTeam "Godesberger SK"]

1. e4 c5 2. Nc3 e6 3. Nge2 d5 4. exd5 exd5 5. d4 c4 6. g3 Bb4 7. Bg2 Bg4 8. h3
Bxc3+ 9. bxc3 Be6 10. Nf4 Nf6 11. Nxe6 fxe6 12. Qe2 O-O 13. O-O Qd7 14. Re1 Re8
15. Bg5 Nc6 16. Bxf6 gxf6 17. Qg4+ Kh8 18. Qh4 Qg7 19. Re3 Re7 20. Rae1 Rae8
21. Qh5 Qg6 22. Qe2 Qf7 23. f4 e5 24. fxe5 fxe5 25. Rf1 Qg8 26. Qf3 e4 27. Qf5
Qe6 28. Qf4 Rg7 29. Kh2 Ne7 30. h4 Ng6 31. Qf6 Qxf6 32. Rxf6 Rf8 33. Rd6 Ne7
34. Rd7 Nf5 35. Rxg7 Kxg7 36. Re1 Ne7 37. Kg1 Rf6 38. Rb1 b6 39. a4 Nf5 40. Rb5
Ne3 41. a5 Rd6 42. Rb2 Nd1 43. Ra2 Nxc3 44. Ra3 Ne2+ 45. Kf2 Nxd4 46. Ra2 Rf6+
47. Ke3 Nf5+ 48. Kf4 Nxh4+ 0-1

[Event "?"]
[Site "?"]
[Date "2016.08.13"]
[Round "3.6"]
[White "Havenith, Michael"]
[Black "Lehmann, Thomas"]
[Result "1/2-1/2"]
[WhiteElo "1630"]
[BlackElo "1297"]
[PlyCount "66"]
[EventDate "2016.??.??"]
[WhiteTeam "SV Würselen"]
[BlackTeam "SV Sindorf"]

1. c4 c6 2. Nf3 d5 3. b3 Nf6 4. Bb2 Bg4 5. e3 e6 6. Be2 Be7 7. d4 O-O 8. O-O
Nbd7 9. Nbd2 Ne4 10. Ne5 Bxe2 11. Qxe2 Nxd2 12. Qxd2 Nxe5 13. dxe5 dxc4 14.
Qxd8 Raxd8 15. bxc4 Rd2 16. Bc3 Rd3 17. Rfc1 Rfd8 18. Kf1 Ba3 19. Rc2 Rxc3 20.
Rxc3 Bb2 21. Rac1 Bxc1 22. Rxc1 Rd2 23. a4 Ra2 24. Rd1 Kf8 25. Rd7 Rxa4 26.
Rxb7 a5 27. Ra7 g5 28. Ke2 Kg7 29. h3 h5 30. Kf3 Kg6 31. g4 hxg4+ 32. hxg4 Rxc4
33. Rxa5 c5 1/2-1/2

[Event "?"]
[Site "?"]
[Date "2016.08.13"]
[Round "3.7"]
[White "Sewald, Richard"]
[Black "Wilde, Christian"]
[Result "1/2-1/2"]
[WhiteElo "1736"]
[BlackElo "1220"]
[PlyCount "85"]
[EventDate "2016.??.??"]
[WhiteTeam "SG Porz"]
[BlackTeam "SF Köln-Longerich"]

1. Nf3 Nc6 2. d3 d6 3. g3 b6 4. Bg2 Bb7 5. Nc3 Nf6 6. e4 e5 7. h3 g6 8. Be3 Bg7
9. Qd2 h6 10. a3 a6 11. Ne2 d5 12. exd5 Nxd5 13. Nc3 Nxe3 14. Qxe3 O-O 15. O-O
Nd4 16. Rac1 Nxf3+ 17. Bxf3 Bxf3 18. Qxf3 Qd7 19. Kh2 c6 20. Rcd1 b5 21. Rfe1
a5 22. a4 b4 23. Ne4 Qd4 24. c3 bxc3 25. Nxc3 Rab8 26. Re4 Qb6 27. Rb1 f5 28.
Rc4 e4 29. dxe4 fxe4 30. Qxe4 Rxf2+ 31. Kh1 Rbf8 32. Qd3 Rxb2 33. Rxb2 Qxb2 34.
Nd1 Qb6 35. Kg2 Rd8 36. Qc2 Rd6 37. Qa2 Kh7 38. Qc2 Bd4 39. Qe2 Qb7 40. Qf3 Rf6
41. Qe4 Rd6 42. Kh2 Bg7 43. Qe2 1/2-1/2

[Event "?"]
[Site "?"]
[Date "2016.08.13"]
[Round "3.8"]
[White "Liebsch, Ulrich"]
[Black "Reiter, Ute"]
[Result "1-0"]
[WhiteElo "1777"]
[BlackElo "1059"]
[PlyCount "99"]
[EventDate "2016.??.??"]
[WhiteTeam "SC Bayer Leverkusen"]
[BlackTeam "Brühler SK"]

1. c4 c5 2. g3 d5 3. Bg2 Nf6 4. cxd5 Nxd5 5. Qb3 e6 6. Nf3 Bd6 7. O-O O-O 8. d3
Nd7 9. Bd2 b6 10. Nc3 N7f6 11. Nb5 Bb7 12. e4 a6 13. Nxd6 Qxd6 14. e5 Qd8 15.
exf6 Qxf6 16. Bg5 Qg6 17. h4 h5 18. Ne5 Qf5 19. Nd7 Qg4 20. Nxf8 Kxf8 21. Qc4
Rc8 22. Qxg4 hxg4 23. Rac1 Bc6 24. Rfd1 f6 25. Be3 Nxe3 26. fxe3 Bd7 27. Bb7
Rc7 28. Bxa6 Ra7 29. Bc4 b5 30. Bb3 Rc7 31. Rf1 e5 32. Bd1 b4 33. d4 exd4 34.
exd4 c4 35. Rf4 f5 36. Bxg4 c3 37. bxc3 Rxc3 38. Rxc3 bxc3 39. Bxf5 Bxf5 40.
Rxf5+ Ke7 41. Rc5 Kd6 42. a4 c2 43. Rxc2 Kd5 44. a5 Kxd4 45. a6 Kd3 46. Rc8 Ke2
47. a7 Kf3 48. Rc3+ Kg4 49. a8=Q Kh3 50. Qc8# 1-0

[Event "?"]
[Site "?"]
[Date "2016.08.13"]
[Round "3.9"]
[White "Scheffler, Jürgen"]
[Black "Kürten, Lothar"]
[Result "0-1"]
[WhiteElo "1502"]
[BlackElo "1635"]
[PlyCount "67"]
[EventDate "2016.??.??"]
[WhiteTeam "SC Prüm"]
[BlackTeam "SF Köln-Longerich"]

1. d4 d5 2. c4 e6 3. Nc3 Nf6 4. Nf3 c6 5. Bg5 Nbd7 6. e3 Qa5 7. a3 Be7 8. b4
Qd8 9. c5 O-O 10. Bd3 h6 11. Bh4 Re8 12. O-O Nh5 13. Bxe7 Qxe7 14. Re1 Nhf6 15.
Ra2 e5 16. e4 dxe4 17. Nxe4 Nxe4 18. Bxe4 Nf6 19. Bb1 e4 20. Ne5 Nd5 21. Qc2
Be6 22. Qxe4 Nf6 23. Qf3 Bxa2 24. Bxa2 Rad8 25. Bxf7+ Qxf7 26. Rd1 Rxe5 27.
dxe5 Rxd1+ 28. Qxd1 Nd5 29. Qd2 Qf5 30. f4 Qxf4 31. Qxf4 Nxf4 32. g3 Nd3 33. e6
Kf8 34. Kg2 0-1

[Event "?"]
[Site "?"]
[Date "2016.08.13"]
[Round "3.10"]
[White "Kuckert, Kai"]
[Black "Gnass, Arno"]
[Result "0-1"]
[WhiteElo "1235"]
[BlackElo "1782"]
[PlyCount "106"]
[EventDate "2016.??.??"]
[WhiteTeam "Fideler Bauer Leverkusen"]
[BlackTeam "Bergische SF"]

1. e4 c6 2. d4 d5 3. Nc3 dxe4 4. Nxe4 Nd7 5. Ng5 e6 6. Bd3 Ngf6 7. Bf4 h6 8.
Ne4 Nxe4 9. Bxe4 Nf6 10. Bf3 Be7 11. Ne2 O-O 12. Qd3 c5 13. O-O-O cxd4 14. Nxd4
Qa5 15. Kb1 Rd8 16. Qb5 Qxb5 17. Nxb5 g5 18. Be5 Ne8 19. h4 f6 20. Bc3 a6 21.
Nd4 e5 22. Nb3 g4 23. Bd5+ Kg7 24. Na5 Rb8 25. g3 Nc7 26. Bc4 Bf5 27. Rhf1 Be4
28. Be2 h5 29. f4 gxf3 30. Bxf3 Bxf3 31. Rd3 Be2 32. Rxd8 Rxd8 33. Rc1 Nb5 34.
Re1 Nxc3+ 35. bxc3 Bf3 36. Kb2 Rd5 37. Nb3 a5 38. c4 Rd7 39. Nxa5 Bb4 40. Re3
Bg4 41. Nb3 b6 42. Re4 Bc5 43. Nxc5 bxc5 44. Re3 Rd2 45. Kc3 Rf2 46. Kb2 Rf3
47. Re4 Rxg3 48. Re2 Bxe2 49. a4 Bxc4 50. a5 Ba6 51. c3 Rg4 52. Kb3 Rxh4 53.
Kb2 Ra4 0-1

[Event "?"]
[Site "?"]
[Date "2016.08.13"]
[Round "3.11"]
[White "Hirsch, Reinhard"]
[Black "Michels, Fabio"]
[Result "0-1"]
[WhiteElo "1155"]
[BlackElo "1824"]
[PlyCount "78"]
[EventDate "2016.??.??"]
[WhiteTeam "SK Köln-Worringen"]
[BlackTeam "SG Mörsdorf-Lahr"]

1. e4 c5 2. Nf3 Nc6 3. d4 cxd4 4. Nxd4 g6 5. Nc3 Bg7 6. Be3 d6 7. Bc4 Nf6 8. f3
O-O 9. Qd2 Bd7 10. O-O-O a6 11. h4 b5 12. Bb3 b4 13. Nd5 a5 14. Nxf6+ Bxf6 15.
h5 a4 16. Bd5 a3 17. b3 Rc8 18. hxg6 hxg6 19. Nxc6 Bxc6 20. Bd4 e5 21. Qh6 Bg5+
22. Be3 Bxh6 23. Rxh6 Bxd5 24. exd5 Qc7 25. Rd2 Qc3 26. Re2 Qb2+ 27. Kd1 Qb1+
28. Bc1 Qxa2 29. g3 Kg7 30. Reh2 Rh8 31. c4 Qxb3+ 32. Ke1 Rxh6 33. Bxh6+ Kg8
34. Bg5 Qb1+ 35. Ke2 Qc2+ 36. Bd2 a2 37. Rh1 b3 38. Rc1 Qxc1 39. Bxc1 a1=Q 0-1

[Event "?"]
[Site "?"]
[Date "2016.08.13"]
[Round "3.12"]
[White "Thierkopf, Guido"]
[Black "Thodeme, Tuhin Reddi"]
[Result "1-0"]
[WhiteElo "1735"]
[BlackElo "975"]
[PlyCount "105"]
[EventDate "2016.??.??"]
[WhiteTeam "Brühler SK"]
[BlackTeam "SK Köln-Worringen"]

1. e4 e6 2. d4 d5 3. e5 b6 4. Nf3 Ba6 5. Bxa6 Nxa6 6. c3 c5 7. Qa4+ Qd7 8. Qxa6
cxd4 9. Nxd4 Bc5 10. Qb5 Bxd4 11. Qxd7+ Kxd7 12. cxd4 f6 13. Bf4 g5 14. Bg3 f5
15. f4 g4 16. Nc3 a6 17. Rc1 Rc8 18. Ke2 Ne7 19. Bh4 Nc6 20. Ke3 Na5 21. b3 b5
22. h3 h5 23. Ne2 gxh3 24. gxh3 Rhg8 25. Rxc8 Rxc8 26. Rc1 Nc6 27. Be1 b4 28.
h4 a5 29. Ng3 a4 30. Nxh5 Rh8 31. Nf6+ Kc7 32. h5 axb3 33. axb3 Kb6 34. Rc5 Kb7
35. Bxb4 Kb6 36. Be1 Ra8 37. h6 Ra3 38. Rc3 Ra2 39. h7 Rh2 40. Bg3 Rh6 41. Rc2
Ne7 42. Rh2 Rxh2 43. Bxh2 Ng6 44. Nd7+ Kc6 45. Nc5 Kb5 46. Nxe6 Kc6 47. Nc5 Kc7
48. Bg3 Nh8 49. Bh4 Ng6 50. Bf6 Nf8 51. h8=Q Nd7 52. Qd8+ Kc6 53. Qxd7+ 1-0

[Event "?"]
[Site "?"]
[Date "2016.08.13"]
[Round "3.13"]
[White "Baltic, Sara"]
[Black "Sewald, Jörg"]
[Result "0-1"]
[WhiteElo "1133"]
[BlackElo "1568"]
[PlyCount "140"]
[EventDate "2016.??.??"]
[WhiteTeam "SG Bochum"]
[BlackTeam "SF Esch"]

1. e4 b6 2. d4 g6 3. Nf3 d6 4. c3 h6 5. Bd3 Bg7 6. Be3 a6 7. Nbd2 Bb7 8. O-O e6
9. Qc2 Ne7 10. Rfe1 g5 11. h3 Ng6 12. e5 Nf4 13. Bxf4 gxf4 14. exd6 cxd6 15. b3
Qc7 16. Re2 Nd7 17. Rae1 O-O-O 18. Qb2 Bf6 19. Ne4 Rhg8 20. Kh2 Rg7 21. Qa3
Bxe4 22. Rxe4 d5 23. R4e2 a5 24. Rc1 Kb7 25. b4 Ra8 26. c4 dxc4 27. Be4+ Ka7
28. Bxa8 Kxa8 29. bxa5 bxa5 30. Qa4 Qa7 31. Rxc4 Nb6 32. Qc6+ Qb7 33. Rb2 Qxc6
34. Rxc6 Bd8 35. Ne5 f6 36. Nc4 Nxc4 37. Rxc4 Rc7 38. Rc5 Rd7 39. Rc4 Ka7 40.
Kg1 Bb6 41. d5 Rxd5 42. Rxf4 Bc7 43. g3 Bxf4 44. gxf4 Rd4 45. Re2 Rxf4 46. Rxe6
h5 47. Rd6 h4 48. Kg2 f5 49. f3 Ra4 50. Rf6 f4 51. Rh6 Rxa2+ 52. Kf1 Ra3 53.
Kg2 a4 54. Rxh4 Ra2+ 55. Kf1 a3 56. Rxf4 Kb6 57. h4 Rb2 58. Rf6+ Kc5 59. Ra6 a2
60. Rxa2 Rxa2 61. h5 Rh2 62. f4 Rxh5 63. Kg2 Kd5 64. Kf3 Rf5 65. Kg4 Ke4 66.
Kg3 Rxf4 67. Kh3 Kf3 68. Kh2 Kf2 69. Kh3 Ra4 70. Kh2 Rh4# 0-1

[Event "?"]
[Site "?"]
[Date "2016.08.13"]
[Round "3.14"]
[White "Maric, Anton"]
[Black "Meyer zu Kniendorf, Jochen"]
[Result "0-1"]
[WhiteElo "1116"]
[BlackElo "1701"]
[PlyCount "78"]
[EventDate "2016.??.??"]
[WhiteTeam "Klub Kölner SF"]
[BlackTeam "Düsseldorfer SK"]

1. e4 g6 2. d4 Bg7 3. Nf3 d6 4. Nc3 a6 5. Bc4 e6 6. O-O Ne7 7. Be3 b5 8. Bd3
Nd7 9. Qe2 c5 10. Bxb5 axb5 11. dxc5 b4 12. Nd1 Ba6 13. Qd2 Bxf1 14. Kxf1 dxc5
15. c3 bxc3 16. Nxc3 O-O 17. Rd1 Nf6 18. Bxc5 Qxd2 19. Rxd2 Rfe8 20. e5 Nfd5
21. Bxe7 Nxc3 22. bxc3 Rxe7 23. c4 Rc7 24. Rc2 Rac8 25. Rd2 Rxc4 26. a3 Rc1+
27. Ke2 R1c2 28. Rxc2 Rxc2+ 29. Ke3 Rc3+ 30. Ke2 Rxa3 31. h3 Ra5 32. Kd3 Bxe5
33. Ke4 f5+ 34. Kd3 Bf6 35. Nd2 Kf7 36. Nc4 Rd5+ 37. Ke3 Bg5+ 38. f4 Bxf4+ 39.
Kxf4 Rd4+ 0-1